Jugadores Croacia #1 - Estadísticas

Estadísticas generales
  • Esta prueba ha sido intentada 24 veces
  • La puntuación promedio es 14 de 20
Estadísticas de respuestas
Imagen Respuesta % Correcto
Gvardiol
100%
Kovacic
100%
Modric
100%
Perisic
100%
Rakitic
100%
Brozovic
91%
Livakovic
86%
Vida
82%
Budimir
77%
Kramaric
77%
Pasalic
64%
Stanisic
59%
Lovren
55%
Petkovic
50%
Sosa
50%
Vlasic
50%
Majer
36%
Sutalo
36%
Orsic
32%
Sucic
27%
No se encontraron pruebas coincidentes
Distribución de puntuación
Porcentaje de gente con cada puntuación
Porcentaje por número respondido
Historial de tus puntuaciones
No has intentado esta prueba.